| 000 | 01487nam a2200361 a 4500 | ||
|---|---|---|---|
| 001 | ebr10695816 | ||
| 003 | CaPaEBR | ||
| 006 | m u | ||
| 007 | cr cn||||||||| | ||
| 008 | 130513s2013 enkabf sb 001 0 eng d | ||
| 020 | _z9781780760797 | ||
| 020 | _z9780857721723 (e-book) | ||
| 040 |
_aCaPaEBR _cCaPaEBR |
||
| 035 | _a(OCoLC)843079119 | ||
| 043 | _aa-ir--- | ||
| 050 | 1 | 4 |
_aHG1220.2 _b.M38 2013eb |
| 082 | 0 | 4 |
_a332.4955 _223 |
| 100 | 1 | _aMatthee, Rudi. | |
| 245 | 1 | 4 |
_aThe monetary history of Iran _h[electronic resource] : _bfrom the Safavids to the Qajars / _cRudi Matthee, Willem Floor, Patrick Clawson. |
| 260 |
_aLondon ; _aNew York : _bI.B.Tauris, _c2013. |
||
| 300 |
_axxi, 290 p., [24] p. of plates : _bill. (some col.), maps. |
||
| 490 | 1 | _aIran and the Persianate world series | |
| 504 | _aIncludes bibliographical references and index. | ||
| 505 | 0 | _apt. 1. The Safavid period 1502-1722 -- pt. 2. The Afsharid and Zand period 1722-94. | |
| 533 |
_aElectronic reproduction. _bPalo Alto, Calif. : _cebrary, _d2013. _nAvailable via World Wide Web. _nAccess may be limited to ebrary affiliated libraries. |
||
| 650 | 0 |
_aMoney _zIran _xHistory. |
|
| 655 | 7 |
_aElectronic books. _2local |
|
| 700 | 1 | _aFloor, Willem. | |
| 700 | 1 | _aClawson, Patrick. | |
| 710 | 2 | _aebrary, Inc. | |
| 830 | 0 | _aIran and the Persianate world. | |
| 856 | 4 | 0 |
_uhttp://site.ebrary.com/lib/rucke/Doc?id=10695816 _zAn electronic book accessible through the World Wide Web; click to view |
| 999 |
_c23938 _d23938 |
||